Statistiques concernant Belgique au Concours Eurovision de la Chanson

Cliquez ici pour prendre le quiz!

Statistiques générales

  • Ce quiz a été pris 94 fois
  • Le résultat moyen est 11 sur 15

Statistiques - réponses

QuestionsRéponses% Correct
Combien de fois a-t-elle gagné l'Eurovision ?1
100%
Pour la dernière fois en quelle année ?1986
93%
Combien de fois la Belgique a-t-elle terminé à la dernière place ?8
91%
Combien de fois s'est-elle retirée du concours ?3 (relégations)
90%
Avec quelle chanson et/ou interprète ?J'aime la vie / Sandra Kim
89%
2 diffuseurs se partagent les concours : la RTBF pour la Wallonie, et VRT pour la Flandre. Lequel participe les années paires ?VRT
89%
Depuis quelle année la Belgique participe-t-elle au concours ?1956
86%
Combien de fois la Belgique s'est-elle qualifiée à la grande finale depuis la mise en place des demi-finales en 2004 ?6
86%
Depuis 2010, quel interprète a obtenu la plus haute place ? (plusieurs réponses possibles)Loïc Nottet / Blanche
74%
A quel pays la Belgique a-t-elle donné le plus de points en finale depuis 1975 ?Pays-Bas
69%
Qui va représenter la Belgique à l'Eurovision 2021?Hooverphonic
63%
Quelle est la particularité de cette interprète ?Elle n'avait que 13 ans, elle est la plus jeune gagnante du concours
59%
En l'honneur de quelle chanteuse belge a été créé un prix du pire costume ?Barbara Dex
43%
Comment s'appelle la première chanson du concours écrite en une langue imaginaire ?Sanomi
43%
Qui est l'interprète masculin a avoir participé le plus de fois à l'Eurovision ?Fud Leclerc (4 fois)
20%

Distribution des résultats

Percentile par nombre de réponses

% des personnes avec chaque résultat

Votre développement - résultats

Vous n’avez pas pris ce quiz